Odgadnij 50 piosenek Zeamosne - Statystyki

Ogólne statystyki
  • Ten quiz został rozwiązany 6 razy
  • Średni wynik to 25 z 50
Statystyki odpowiedzi
Wersy Piosenki % Poprawnych
Zażywam te dawki Zażywam te dawki HOT16CHALLENGE2
100%
Czwartą chciałbyś mieć na zawsze, ale możesz tylko raz Nie pamięta imion klienta, kominiara na twarz 4 kobiety
67%
Mamy trochę tego tu, a nie wiem co się dziś wydarzy Chyba mogę to zostawić, demony nie mogą przestać bb
67%
Oni jedliby mi z ręki gdybym życie swe poświęcił Całe życie dla mej passy, nie że jestem najmądrzejszy Bracie mój
67%
Nie podaję sukom molly, molly, molly Nie wybrałem takiej roli, roli, roli CBP
67%
Powiedz — gdzie iść, kurwa? Czas leci — ja się wydurniam GGG FREESTYLE
67%
Po winie łeb boli mnie, dlatego nienawidzę pić go Wolę mieć naładowane baterie, tak jak ziomale na disco Gitara mi gra
67%
Kwiecień, w sumie spoko miesiąc Nieskromne skurwysyny głęboko dziś wierzą High life
67%
Fake konta nie dadzą Ci w mordę, niech napędzają machinę Pewnie w życiu nie mieli za dobrze, dlatego daj im się wyżyć Internetowy Raper
67%
Te same zasady, te same gitary w oddali I białe Ferrari zaparkowane w cztery ściany Japanese Hoes
67%
Zamieniłem noc na dzień, daj mi jeszcze chwilę zanim zniknę I zostawię cień a w nocy, pooglądam w szybach miasto Jungla
67%
Ona trzęsie tą dupą, ale nie chcę mieć jej, bo nie nada się w normalny dzień Kurwa mać, kto tu puka, kiedy śpię? Kolejny rozbity bentley
67%
Bo nigdy nie byliśmy lepsi, nigdy nie chcieliśmy lepsi być Znamy to miasto jak własną kieszeń, chuj z tym, że dziś mamy puste kieszenie Kurtki bomberki
67%
Kombinuję, by limity obalać, ale i jakieś limity ustawiać Nie zawsze trzeba maksować wyzwania, może i przydałoby się mniej jarać? Limit
67%
Chciałeś się tylko zakochać i nie przeżywać jak Summertime Sadness W bani mam tylko te akcje, których będzie brakować kiedy będę sam gdzieś Moi Ziomale
67%
W ten jeden dzień, nie jesteś w grze To kolory, moje kolory jak LSD molly percocets
67%
Ona pyta, o czym marzę - tatuaże na jej brwiPowiedziałem parę słów, wydałem parę liczb Nic za darmo
67%
Diss na alkohol, odrzucałem propozycję A machali pyszną kwotą, żeby promować truciznę Operuje faktami
67%
Chowam Louis V po gaciach, żebyś nie widział pieniądza i nie płakał Żebyś nie widział we mnie swego brata tylko dlatego, że jest kasa Palm Angels
67%
Wyjadę na weekend, by zdziwić za rok Co nie nawinę to poruszy Polską Rosegold
67%
Więcej niż jebany wynik tu Więcej niż jebany wynik uuu Samoloty
67%
Mówię że deszcz nie spadnie bo spadnie cash ten I ta martwa natura makulatura w mej ręce Śnieg
67%
Lubię długie rozmowy, ale coraz krótsze klipy I dziewczyny, które tak stają na głowie do mej muzyki Social Media
67%
6 PM nad Nowym Jorkiem, północ czasu Polskiego, bez granic To niebo nam dzisiaj dolewa litrami, a ziemia to obszar którego nie znamy Trofeum
67%
Trudno było opamiętać się, odkąd codziennie mam święta i pracę na pełnej Jeden z drugim coś wydaje, lecz tylko wydaje się im, że to banger Uniwersum
67%
Jestem tylko funkcją w galaktyceMoje imię i nazwisko X Y X i Y
67%
O-o, leje się Moët & Chandon To dla wszystkich moich mord, ziomów, dziewczyn z różnych stron Ye
67%
Mogę coś zyskać, a mogę coś stracić Mało jest gratis na świecie, na którym walczą robaki Znamy się na tym
67%
Lecz czasem mam taki mood, że biorę kominiareczkę I nie wiesz, że jestem na mieście Znana
67%
A te typy mają flow tu jak copypaste Ta połowa tu nie kapi jak zarobić na chleb Droga
33%
Działamy znowu, każdego roku, dać ludziom parę hip-hopów Byłem zaślepiony myślą, że to będzie wieczne i grałem w amoku DRUGI RAZ
33%
Miała figurę modelki, mimo to czuła strach Nie było do niej kolejki, tak jak na lunapark Dubai
33%
Moi bracia - moje pyski, moi bracia ponad wszystkim Moi bracia ponad wszystkim, to nie strata, tylko zyski GRO55NIGHT
33%
Może nie przyjemniejsze, ale szacunek do siebie wynagradza Życzę Ci, żebyś znalazł swoje miejsce, gdzie nie będziesz myślał o dragach HIGH RIGHT NOW
33%
Na moim grobie chcę piękne liście — piję hektolitremYeah, piszę heksametrem hymn na 808 Jedna Noc
33%
Dla niej coś więcej to liczby, nie praca Dla mnie to znaki, że trzeba zawracać Lambo
33%
Znowu gadanie, że na planie klipu statyczne ujęcia Znowu nam szumią banię, wygrzane po dwóch koncertach Mówią
33%
Dziewczyno przestań już marnować czas Dziewczyno przestań już zakrywać twarz Ostatni dzień wakacji
33%
Suka, dam jej tylko klucze, ja zostawię tylko numer Widzę, że mnie nie rozumie, widzę, że mnie nie rozumie Róże
33%
Wygenerowany tak jak SMS, robię sobie rapy tak jak cash w LA Dalej zabiegany, dawaj spokój mnie, sobie dobieramy to jak sosu SOS FREESTYLE
33%
Cieszmy się tylko dobrymi sumami jakbyśmy byli rybakami Razem przetrwamy tu każde tsunami, nie imponuje nam Titanic Tsunami
33%
Mówili bierz suki nie hajs, robili sztuki za oceanem jak miałem 12 lat Świat pokazał, że nie zawsze jest jak chce, mama mówiła będziesz jak może Wstyd
33%
Wychowani na telewizji i kompie Później wychowani na wizji, no i na bombie Z Dawnych Krain
33%
You fell in love with the beat I fell in love with the Benz, I fell in love with the beat Zeams Owner
33%
Boję się życia, jak ognia i boję się śmierci A kiedy patrzę na ludzi, nie chcę widzieć, tego co przeszli Życie
33%
Stworzyć coś z czego będzie dumna mama Stworzyć coś czego nie widziałem sam December
0%
Na szyi mam VVS, dziwi mnie ból Którego nie widzisz jak nie umiesz czuć Deluxe
0%
Możemy się na nowo narodzić z tym Możemy się na nowo narodzić z tym MAYBACH
0%
Nie wyobrażam sobie, że go stracę Nie jestem normalny, a żyję jak facet WIRTUOZ
0%
Muszę wylać wino za mych braci, kupić nowy Benz Aż nie przyjdzie mi do głowy być twardy jak 808 Za moich ludzi
0%
Nie znaleziono quizów pasujących do podanych kryteriów
Rozkład punktacji
Procent ludzi z każdym wynikiem
Percentyl według liczby udzielonych odpowiedzi
Twoja historia wyników
Nie rozwiązałeś tego quizu